000 00718cam a22002411 4500
001 ne 67000027
003 DLC
005 20260227111828.0
008 890904s1959 ua b b 000 0 ara
010 _ane 67000027
035 _a(OCoLC)23515213
040 _aDLC
_cMiU
_dCU
_dDLC
042 _apremarc
043 _aa-iq---
050 0 0 _aDS76
_b.K48
100 1 _aKharbūṭlī, ʻAlī Ḥusnī.
245 1 0 _aTārikh al-ʻIrāq fi ẓill al-hukm al-Umawī, al-siyāsī, al-ijtimāʻi, al-iqtisādī.
260 _aMiṣr,
_bDār al-maʻārif,
_c1959
300 _a449 p.
_bmap.
_c25 cm.
490 0 _aMaktabat al-dirāsāt al-tārīkhīyah
504 _aBibliography: p. 429-449.
651 0 _aIraq
_xHistory.
999 _c49294
_d49294